Petits Félins (Felinae) en images - Statistiques

Statistiques générales
  • Ce quiz a été pris 22 fois
  • Le résultat moyen est 14 sur 34
Statistiques - réponses
Par images Hint Réponse % Correct
Leptailurus serval Serval
94%
Caracal caracal Caracal
89%
Puma concolor Puma
78%
Felis catus Chat domestique
72%
Acinonyx jubatus Guépard
72%
Leopardus pardalis Ocelot
61%
Felis silvestris Chat sauvage
56%
Lynx lynx Lynx boréal
56%
Lynx canadensis Lynx du Canada
56%
Herpailurus yagouaroundi Jaguarondi
50%
Lynx rufus Lynx roux
50%
Otocolobus manul Manul
50%
Felis margarita Chat des sables
44%
Felis chaus Chaus
44%
Leopardus colocola Colocolo
39%
Lynx pardinus Lynx pardelle
39%
Leopardus wiedii Margay
39%
Leopardus geoffroyi Chat de Geoffroy
33%
Leopardus jacobita Chat des Andes
33%
Prionailurus viverrinus Chat viverrin
33%
Leopardus guigna Guigna
33%
Felis nigripes Chat à pieds noirs
28%
Prionailurus planiceps Chat à tête plate
28%
Felis bieti Chat de Biet
28%
Catopuma temminckii Chat de Temminck
28%
Caracal aurata Chat doré d'Afrique
28%
Pardofelis marmorata Chat marbré
28%
Prionailurus rubiginosus Chat rubigineux
28%
Leopardus guttulus Oncille du Sud
28%
Catopuma badia Chat bai
22%
Prionailurus bengalensis Chat-léopard
22%
Leopardus tigrinus Oncille
22%
Felis lybica Chat sauvage d'Afrique
17%
Prionailurus javanensis Chat léopard de la Sonde
6%
Aucun quiz correspondant
Distribution des résultats
% des personnes avec chaque résultat
Percentile par nombre de réponses
Votre historique - résultats
Vous n’avez pas pris ce quiz